[Event "ENG-ch U12"]
[Site "Torquay"]
[Date "2022.08.09"]
[Round "2"]
[White "Shi, Shaoquan"]
[Black "Patel, Zain"]
[Result "0-1"]
[WhiteElo "1392"]
[BlackElo "1679"]
[PlyCount "82"]
[EventDate "2022.08.08"]
[EventType "swiss"]
[EventRounds "7"]
[EventCountry "ENG"]
[SourceTitle "EXT 2023"]
[Source "ChessBase"]
[SourceDate "2022.10.05"]
[SourceVersion "1"]
[SourceVersionDate "2022.10.05"]
[SourceQuality "1"]

1. d4 Nf6 2. c4 e6 3. Nc3 Bb4 4. e3 0-0 5. Nge2 Re8 6. a3 Bf8 7. g3 d5 8. Bg2 c6 9. 0-0 Nbd7 10. e4 dxc4 11. f4 b6 12. h3 g6 13. e5 Nd5 14. Nxd5 cxd5 15. g4 Bb7 16. Ng3 Rc8 17. Bd2 b5 18. f5 Qb6 19. Bf4 c3 20. b3 b4 21. a4 c2 22. Qd2 Rc3 23. Rf3 Rec8 24. Rc1 Ba6 25. f6 Rxf3 26. Bxf3 Rc3 27. Be2 Bxe2 28. Nxe2 Rxb3 29. Rxc2 Ra3 30. Bh6 b3 31. Rc8 b2 32. Bxf8 b1Q+ 33. Kf2 Rf3+ 34. Kxf3 Qf1+ 35. Kg3 Qb3+ 36. Nc3 Qg1+ 37. Kf3 Qf1+ 38. Kg3 Nxf8 39. Qh6 Qg1+ 40. Kf3 Qf1+ 41. Kg3 Qd3+ 0-1